Central Library OPAC University of Rajshahi

অবস্থা বদলের জন্য ব্যবস্থা বদলের সন্ধানে / (Record no. 39701)

MARC details
000 -LEADER
fixed length control field 00907nam a2200229 a 4500
001 - CONTROL NUMBER
control field 39701
003 - CONTROL NUMBER IDENTIFIER
rucl marc code BD-RjUL
005 - DATE AND TIME OF LATEST TRANSACTION
control field 20211209053037.0
008 - FIXED-LENGTH DATA ELEMENTS--GENERAL INFORMATION
fixed length control field 160416s2006 bg ||||| |||| 00| 0 ben d
020 ## - INTERNATIONAL STANDARD BOOK NUMBER
International Standard Book Number 9848476180
Terms of availability : TK 160.00
035 ## - SYSTEM CONTROL NUMBER
System control number (BD-RjUL)39814
040 ## - CATALOGING SOURCE
Original cataloging agency BD-RjUL
Language of cataloging ben
Transcribing agency BD-RjUL
041 ## - LANGUAGE CODE
Language code of text/sound track or separate title ben
082 ## - DEWEY DECIMAL CLASSIFICATION NUMBER
Edition number 23
Classification number 330.9
Author mark and year AHA 2006
100 ## - MAIN ENTRY--PERSONAL NAME
Personal name আহমদ, কাজী খলীকুজ্জমান
9 (RLIN) 122290
245 10 - TITLE STATEMENT
Title অবস্থা বদলের জন্য ব্যবস্থা বদলের সন্ধানে /
Statement of responsibility, etc. কাজী খলীকুজ্জমান আহমদ
260 ## - PUBLICATION, DISTRIBUTION, ETC. (IMPRINT)
Place of publication, distribution, etc. ঢাকা :
Name of publisher, distributor, etc. বড়াল প্রকাশনী,
Date of publication, distribution, etc. ২০০৬
300 ## - PHYSICAL DESCRIPTION
Pagination ১৪০ পৃ. ;
Size ২২ সেমি.
650 ## - SUBJECT ADDED ENTRY--TOPICAL TERM
Topical term or geographic name as entry element অর্থনৈতিক অবস্থা
9 (RLIN) 122291
Topical term or geographic name as entry element Economic situation
9 (RLIN) 122292
942 ## - ADDED ENTRY ELEMENTS (KOHA)
Source of classification or shelving scheme Dewey Decimal Classification
Koha item type Books
Holdings
Lost status Source of classification or shelving scheme Damaged status Not for loan Collection code Permanent Location Current Location Shelving location Date acquired Source of acquisition Cost, normal purchase price Total Checkouts Full call number Date last seen Copy number Koha item type
  Dewey Decimal Classification   Not For Loan Non-fiction Central Library, University of Rajshahi Central Library, University of Rajshahi Reading Room 26/04/2014 Dhaka : Jatiya Sahitya Prokash 160.00   B 330.9 AHA 2006 16/04/2016 C-1 Books
  Dewey Decimal Classification     Non-fiction Central Library, University of Rajshahi Central Library, University of Rajshahi   26/04/2014 Dhaka : Jatiya Sahitya Prokash 160.00   B 330.9 AHA 2006 16/04/2016 C-2 Books
  Dewey Decimal Classification     Non-fiction Central Library, University of Rajshahi Central Library, University of Rajshahi   26/04/2014 Dhaka : Jatiya sahitya prokash 160.00   B 330.9 AHA 2006 16/04/2016 C-3 Books